|
|
|
|
| LEADER |
00000nam#a2200000#a#4500 |
| 001 |
005052 |
| 005 |
20160721143432.0 |
| 008 |
981020s1996####xxu#################eng#d |
| 040 |
|
|
|a AR-beUNQ
|
| 099 |
|
|
|a 04-P43
|
| 100 |
1 |
|
|a Premdas, Raplh R
|
| 245 |
0 |
2 |
|a Ethnicity and elections in the Caribbean :
|b a radical realignment of power in Trinidad and the threat of communal strife
|c Raplh R. Premdas.
|
| 260 |
|
|
|a Notre Dame :
|b Helen Kellogg Institute for International Studies,
|c 1996
|
| 300 |
|
|
|a 38 p
|
| 490 |
0 |
|
|a Working paper ;
|v v. 224
|
| 650 |
|
7 |
|a VOTACION
|2 Spines
|
| 650 |
|
7 |
|a GRUPOS ETNICOS
|2 Spines
|
| 650 |
|
7 |
|a PODER POLITICO
|2 Spines
|
| 651 |
|
7 |
|a TRINIDAD Y TOBAGO
|2 Spines
|
| 929 |
|
|
|a COMPRA
|b Ernesto Lopez
|d 4,00E
|e 19981020
|g Exp. 0387/98
|j 23779
|
| 942 |
|
|
|c LIB
|n 0
|
| 999 |
|
|
|c 7820
|d 83207
|